Etika és politika a demokrácia egyéni felelősség /
Elmentve itt :
| Szerző: | |
|---|---|
| Dokumentumtípus: | Könyv |
| Megjelent: |
2016
|
| Sorozat: | Iskolakultúra-könyvek
51 |
| Online Access: | http://misc.bibl.u-szeged.hu/45517 |
| LEADER | 00579nam a2200169 i 4500 | ||
|---|---|---|---|
| 001 | misc45517 | ||
| 005 | 20191106145231.0 | ||
| 008 | 180828s2016 hu o 0|| zxx d | ||
| 020 | |a 978 963 693 733 1 | ||
| 022 | |a 1586-202X | ||
| 040 | |a SZTE Miscellanea Repozitórium |b hun | ||
| 041 | |a zxx | ||
| 100 | 1 | |a Boros János | |
| 245 | 1 | 0 | |a Etika és politika |h [elektronikus dokumentum] : |b a demokrácia egyéni felelősség / |c Boros János |
| 260 | |c 2016 | ||
| 490 | 0 | |a Iskolakultúra-könyvek |v 51 | |
| 856 | 4 | 0 | |u http://misc.bibl.u-szeged.hu/45517/1/iskolakultura_konyvek_051.pdf |z Dokumentum-elérés |